[Event "Ruhrgebiet Verbandsklasse Gruppe 1 1819"]
[Site "Nordrheinwestfalen"]
[Date "2019.03.10"]
[Round "7.8"]
[White "Keuter, Frank"]
[Black "Jeschke, Holger"]
[Result "0-1"]
[WhiteElo "1374"]
[BlackElo "1892"]
[PlyCount "70"]
[EventDate "2018.09.23"]
[EventType "team-tourn"]
[EventRounds "9"]
[EventCountry "GER"]
[SourceTitle "EXT 2022"]
[Source "ChessBase"]
[SourceDate "2021.10.06"]
[SourceVersion "1"]
[SourceVersionDate "2021.10.06"]
[SourceQuality "1"]
[WhiteTeam "Bergeborbeck Wacker"]
[BlackTeam "Annen Sport Union"]
[WhiteTeamCountry "GER"]
[BlackTeamCountry "GER"]

1. Nf3 c6 2. g3 d5 3. d3 g6 4. Bg2 Bg7 5. Nbd2 Nf6 6. 0-0 0-0 7. Re1 Nbd7 8. e4 dxe4 9. dxe4 Qb6 10. c3 Ng4 11. Qe2 Nge5 12. Rb1 Rd8 13. Nf1 Nxf3+ 14. Bxf3 Ne5 15. Be3 Qa6 16. Bg2 Qxa2 17. Ra1 Qb3 18. Rxa7 Rxa7 19. Bxa7 Nc4 20. Rb1 Be6 21. Bc5 Kf8 22. Be3 Bxc3 23. Bc1 Ba5 24. e5 Bb6 25. Be4 Bd5 26. Bc2 Qf3 27. Qxf3 Bxf3 28. Bf4 Bd4 29. Re1 Bxb2 30. Rb1 b5 31. Bb3 Bd4 32. Bxc4 bxc4 33. Nd2 Bd5 34. Rc1 Bb2 35. Rc2 c3 0-1

[Event "Schleswig-Holstein-ch Kandidaten"]
[Site "Bad Segeberg"]
[Date "2018.03.29"]
[Round "9"]
[White "Jeschke, Holger"]
[Black "Glinzner, Alva"]
[Result "1/2-1/2"]
[WhiteElo "1879"]
[BlackElo "1612"]
[PlyCount "20"]
[EventDate "2018.03.24"]
[EventType "swiss"]
[EventRounds "9"]
[EventCountry "GER"]
[SourceTitle "EXT 2023"]
[Source "ChessBase"]
[SourceDate "2022.10.05"]
[SourceVersion "1"]
[SourceVersionDate "2022.10.05"]
[SourceQuality "1"]

1. b4 Nf6 2. Bb2 e6 3. a3 c5 4. bxc5 Bxc5 5. e3 d5 6. Nf3 Nbd7 7. d4 Bd6 8. Nbd2 b6 9. Bd3 Bb7 10. Ne5 0-0 1/2-1/2

[Event "Schleswig-Holstein-ch Kandidaten"]
[Site "Bad Segeberg"]
[Date "2018.03.28"]
[Round "5"]
[White "Jeschke, Holger"]
[Black "Kraas, Ruediger"]
[Result "1-0"]
[WhiteElo "1879"]
[BlackElo "1856"]
[PlyCount "31"]
[EventDate "2018.03.24"]
[EventType "swiss"]
[EventRounds "9"]
[EventCountry "GER"]
[SourceTitle "EXT 2023"]
[Source "ChessBase"]
[SourceDate "2022.10.05"]
[SourceVersion "1"]
[SourceVersionDate "2022.10.05"]
[SourceQuality "1"]

1. b4 c6 2. Bb2 Qb6 3. a3 a5 4. c4 axb4 5. c5 Qc7 6. axb4 Rxa1 7. Bxa1 Nf6 8. Nf3 Na6 9. Qb3 d6 10. d4 Nd5 11. e4 Ndxb4 12. Bc3 dxc5 13. dxc5 Qf4 14. Nbd2 Be6 15. Qb2 Nxc5 16. Qxb4 1-0

[Event "Schleswig-Holstein-ch Kandidaten"]
[Site "Bad Segeberg"]
[Date "2018.03.25"]
[Round "2"]
[White "Wirries, Frank Michael"]
[Black "Jeschke, Holger"]
[Result "0-1"]
[WhiteElo "1829"]
[BlackElo "1879"]
[PlyCount "56"]
[EventDate "2018.03.24"]
[EventType "swiss"]
[EventRounds "9"]
[EventCountry "GER"]
[SourceTitle "EXT 2023"]
[Source "ChessBase"]
[SourceDate "2022.10.05"]
[SourceVersion "1"]
[SourceVersionDate "2022.10.05"]
[SourceQuality "1"]

1. e4 c6 2. d4 d5 3. exd5 cxd5 4. c4 Nc6 5. Nc3 Nf6 6. Bg5 Be6 7. c5 Ne4 8. Nxe4 dxe4 9. Be3 g6 10. Qd2 Bg7 11. Bb5 0-0 12. Bxc6 bxc6 13. Ne2 Bc4 14. h4 e5 15. h5 Bxe2 16. Kxe2 exd4 17. Bh6 e3 18. fxe3 Bxh6 19. hxg6 Qg5 20. gxh7+ Kh8 21. Qxd4+ Bg7 22. Qe4 Rfe8 23. Qf3 Qxc5 24. Rad1 Rad8 25. Rxd8 Rxd8 26. Kf2 Rd2+ 27. Kg3 Qg5+ 28. Kh2 Qh4+ 0-1

[Event "Ruhrgebiet Verbandsliga Gruppe 1 1718"]
[Site "Germany"]
[Date "2018.01.14"]
[Round "5.7"]
[White "Jeschke, Holger"]
[Black "Schuetz, Ralf"]
[Result "1-0"]
[WhiteElo "1922"]
[BlackElo "1814"]
[PlyCount "77"]
[EventDate "2017.09.17"]
[EventType "team-tourn"]
[EventRounds "9"]
[EventCountry "GER"]
[SourceTitle "EXT 2022"]
[Source "ChessBase"]
[SourceDate "2021.10.06"]
[SourceVersion "1"]
[SourceVersionDate "2021.10.06"]
[SourceQuality "1"]
[WhiteTeam "Annen Sport Union"]
[BlackTeam "Boenen SV"]
[WhiteTeamCountry "GER"]
[BlackTeamCountry "GER"]

1. b4 d5 2. Bb2 Bf5 3. e3 Nd7 4. Nf3 e6 5. Be2 Ngf6 6. a3 h5 7. d3 Rg8 8. Ne5 Nxe5 9. Bxe5 h4 10. h3 Nd7 11. Bh2 g5 12. Nd2 Bg7 13. Rb1 Nb6 14. d4 Qd7 15. Rc1 c6 16. c4 dxc4 17. Nxc4 Nxc4 18. Bxc4 Bf8 19. f3 Bd6 20. 0-0 Bxh2+ 21. Kxh2 Qd6+ 22. Kh1 Rd8 23. Qe2 e5 24. Rfd1 Ke7 25. e4 Bd7 26. d5 Qf6 27. Qe3 cxd5 28. Rxd5 Bc6 29. Qc5+ Rd6 30. Rxe5+ Kd8 31. Rf5 Qd4 32. Qxd4 Rxd4 33. Rxf7 Rg6 34. b5 Bd7 35. a4 g4 36. hxg4 Rh6 37. Kh2 Rd2 38. Kh3 Be8 39. Rxb7 1-0

[Event "Ruhrgebiet Verbandsliga Gruppe 1 1718"]
[Site "Germany"]
[Date "2017.11.05"]
[Round "3.7"]
[White "Miksche, Ronald"]
[Black "Jeschke, Holger"]
[Result "1-0"]
[WhiteElo "1951"]
[BlackElo "1892"]
[PlyCount "89"]
[EventDate "2017.09.17"]
[EventType "team-tourn"]
[EventRounds "9"]
[EventCountry "GER"]
[SourceTitle "EXT 2022"]
[Source "ChessBase"]
[SourceDate "2021.10.06"]
[SourceVersion "1"]
[SourceVersionDate "2021.10.06"]
[SourceQuality "1"]
[WhiteTeam "Essen Werden"]
[BlackTeam "Annen Sport Union"]
[WhiteTeamCountry "GER"]
[BlackTeamCountry "GER"]

1. e4 c6 2. d4 d5 3. f3 g6 4. Nc3 Bg7 5. Be3 e5 6. exd5 cxd5 7. dxe5 Bxe5 8. Nxd5 Ne7 9. Nc3 Qa5 10. Bb5+ Nbc6 11. Nge2 0-0 12. 0-0 Nf5 13. Bf2 Rd8 14. Qc1 Ncd4 15. Nxd4 Nxd4 16. Bd3 Qc7 17. h3 Nxf3+ 18. gxf3 Bf4 19. Qd1 Bxh3 20. Re1 Re8 21. Nd5 Qd6 22. c4 Bg3 23. Qd2 Bh2+ 24. Kh1 Be5 25. Rad1 Be6 26. Be4 Qd8 27. Qh6 Bxd5 28. Bxd5 Qf6 29. b3 Bc3 30. Re3 Rxe3 31. Qxe3 Rb8 32. Rd3 Be5 33. Rd1 Qf5 34. Qh6 Bf4 35. Qh4 Re8 36. Be4 Qe5 37. Bd4 Qc7 38. Qf6 Kf8 39. Qg7+ Ke7 40. Qf6+ Kf8 41. Qh8+ Ke7 42. Qf6+ Kf8 43. Qg7+ Ke7 44. Bd5 Kd8 45. Bxf7 1-0

[Event "Ruhrgebiet Verbandsklasse Gruppe 2 1617"]
[Site "Germany"]
[Date "2016.10.30"]
[Round "3.5"]
[White "Becker, Volker"]
[Black "Jeschke, Holger"]
[Result "0-1"]
[WhiteElo "1725"]
[BlackElo "1904"]
[PlyCount "34"]
[EventDate "2016.09.04"]
[EventType "team-tourn"]
[EventRounds "9"]
[EventCountry "GER"]
[SourceTitle "EXT 2022"]
[Source "ChessBase"]
[SourceDate "2021.10.06"]
[SourceVersion "1"]
[SourceVersionDate "2021.10.06"]
[SourceQuality "1"]
[WhiteTeam "Schueren"]
[BlackTeam "Annen Sport Union"]
[WhiteTeamCountry "GER"]
[BlackTeamCountry "GER"]

1. Nf3 c6 2. c4 d5 3. e3 Nf6 4. d4 e6 5. Nc3 Bd6 6. Bd3 Nbd7 7. 0-0 e5 8. dxe5 Nxe5 9. Nxe5 Bxe5 10. h3 Be6 11. cxd5 Nxd5 12. Nxd5 Qxd5 13. e4 Qd7 14. Qc2 Bxh3 15. gxh3 Qxh3 16. f4 Bd4+ 17. Rf2 Qg3+ 0-1

[Event "Schleswig Holstein-ch VM"]
[Site "Eckernfoerde"]
[Date "2016.03.23"]
[Round "6"]
[White "Jeschke, Holger"]
[Black "Moysich, Dirk"]
[Result "1-0"]
[WhiteElo "1843"]
[BlackElo "1846"]
[PlyCount "47"]
[EventDate "2016.03.19"]
[EventType "swiss"]
[EventRounds "9"]
[EventCountry "GER"]
[SourceTitle "EXT 2018"]
[Source "ChessBase"]
[SourceDate "2017.10.13"]
[SourceVersion "1"]
[SourceVersionDate "2017.10.13"]
[SourceQuality "1"]

1. b4 d6 2. Bb2 e5 3. c4 f5 4. e3 Nf6 5. Qc2 Be7 6. Nc3 0-0 7. Nge2 Be6 8. Ng3 g6 9. Be2 a5 10. b5 Nbd7 11. 0-0 e4 12. d4 exd3 13. Qxd3 Ne5 14. Qd4 c5 15. bxc6 Nxc6 16. Qd2 d5 17. cxd5 Nxd5 18. Bc4 Nc7 19. Bxe6+ Nxe6 20. Nd5 Bb4 21. Qd1 Bd6 22. Qb3 Be5 23. Bxe5 Nxe5 24. Nf4 1-0

[Event "Schleswig Holstein-ch VM"]
[Site "Eckernfoerde"]
[Date "2016.03.22"]
[Round "5"]
[White "Teknis, Joannis"]
[Black "Jeschke, Holger"]
[Result "1/2-1/2"]
[WhiteElo "1902"]
[BlackElo "1843"]
[PlyCount "41"]
[EventDate "2016.03.19"]
[EventType "swiss"]
[EventRounds "9"]
[EventCountry "GER"]
[SourceTitle "EXT 2018"]
[Source "ChessBase"]
[SourceDate "2017.10.13"]
[SourceVersion "1"]
[SourceVersionDate "2017.10.13"]
[SourceQuality "1"]

1. e4 c6 2. d4 d5 3. exd5 cxd5 4. Bd3 Nc6 5. c3 Nf6 6. Bf4 e6 7. Nf3 Bd6 8. Bxd6 Qxd6 9. 0-0 0-0 10. Qe2 Qf4 11. Nbd2 Nd7 12. g3 Qg4 13. Qe3 f6 14. Bc2 b6 15. Rfe1 Re8 16. c4 Bb7 17. a3 Rac8 18. Qd3 Nf8 19. cxd5 exd5 20. Bb3 Qd7 21. Ba4 1/2-1/2

[Event "Ruhrgebiet Verbandsklasse Gruppe 3 1516"]
[Site "Germany"]
[Date "2015.09.06"]
[Round "1.6"]
[White "Bautz, Volker"]
[Black "Jeschke, Holger"]
[Result "0-1"]
[WhiteElo "1832"]
[BlackElo "1866"]
[PlyCount "72"]
[EventDate "2015.09.06"]
[EventType "team-tourn"]
[EventRounds "9"]
[EventCountry "GER"]
[SourceTitle "EXT 2022"]
[Source "ChessBase"]
[SourceDate "2021.10.06"]
[SourceVersion "1"]
[SourceVersionDate "2021.10.06"]
[SourceQuality "1"]
[WhiteTeam "Bochum SV II"]
[BlackTeam "Annen Sport Union"]
[WhiteTeamCountry "GER"]
[BlackTeamCountry "GER"]

1. d4 Nf6 2. Nc3 d5 3. Bg5 g6 4. Bxf6 exf6 5. e4 dxe4 6. Nxe4 Bg7 7. Qd2 f5 8. Ng5 Qxd4 9. Qxd4 Bxd4 10. 0-0-0 Bxf2 11. N1h3 Be3+ 12. Kb1 Bxg5 13. Nxg5 0-0 14. Bc4 Nc6 15. Rhe1 Kg7 16. a3 h6 17. Nf3 Kf6 18. Bb5 Be6 19. Bxc6 bxc6 20. Ne5 Rfd8 21. Nxc6 Rd5 22. g3 a5 23. Rxd5 Bxd5 24. Ne5 Rd8 25. Kc1 Rd6 26. Nd3 g5 27. Nc5 Bf3 28. b4 Rd5 29. c3 h5 30. Kc2 h4 31. Re3 g4 32. Rd3 hxg3 33. hxg3 Rxc5 34. bxc5 Be4 35. Kd2 Bxd3 36. Kxd3 Ke5 0-1

[Event "Ruhrgebiet Verbandsklasse Gruppe 3 1415"]
[Site "Germany"]
[Date "2015.04.26"]
[Round "9.7"]
[White "Jeschke, Holger"]
[Black "Jerig, Markus"]
[Result "1-0"]
[WhiteElo "1872"]
[BlackElo "1675"]
[PlyCount "39"]
[EventDate "2014.09.21"]
[EventType "team-tourn"]
[EventRounds "9"]
[EventCountry "GER"]
[SourceTitle "EXT 2022"]
[Source "ChessBase"]
[SourceDate "2021.10.06"]
[SourceVersion "1"]
[SourceVersionDate "2021.10.06"]
[SourceQuality "1"]
[WhiteTeam "Annen Sport Union"]
[BlackTeam "Osterfeld Schwarze Dame"]
[WhiteTeamCountry "GER"]
[BlackTeamCountry "GER"]

1. b4 e5 2. Bb2 d6 3. c4 f5 4. e3 Nf6 5. Nc3 Be6 6. Nf3 h6 7. Nh4 g5 8. Ng6 Rg8 9. Nxf8 Rxf8 10. Be2 Qe7 11. a3 Nbd7 12. Qc2 Qf7 13. Nb5 Nb8 14. d4 a6 15. Qa4 Nc6 16. dxe5 Kd7 17. Nd4 Ne8 18. Nxc6 bxc6 19. Bf3 d5 20. cxd5 1-0

[Event "Schleswig Holstein-ch Seniors"]
[Site "Hanerau"]
[Date "2015.03.28"]
[Round "1"]
[White "Jeschke, Holger"]
[Black "Schluenz, Wolfgang"]
[Result "0-1"]
[WhiteElo "1820"]
[BlackElo "1986"]
[PlyCount "40"]
[EventDate "2015.03.28"]
[EventType "swiss"]
[EventRounds "9"]
[EventCountry "GER"]
[SourceTitle "EXT 2018"]
[Source "ChessBase"]
[SourceDate "2017.10.13"]
[SourceVersion "1"]
[SourceVersionDate "2017.10.13"]
[SourceQuality "1"]

1. b4 d5 2. Bb2 Nf6 3. b5 c5 4. bxc6 Nxc6 5. Nf3 Bg4 6. h3 Bxf3 7. exf3 e6 8. Bb5 Be7 9. 0-0 Qb6 10. Bxc6+ bxc6 11. Be5 0-0 12. Nc3 Nd7 13. Rb1 Qa5 14. Bg3 Bb4 15. Ne2 Bxd2 16. Nd4 Bc3 17. Nxc6 Qxa2 18. Rb3 Bf6 19. Bd6 Rfc8 20. Nb4 Qa4 0-1

[Event "Ruhrgebiet VK2 1213"]
[Site "Nordrheinwestfalen"]
[Date "2013.02.24"]
[Round "7"]
[White "Mittelbachert, Ulrich"]
[Black "Jeschke, Holger"]
[Result "1-0"]
[WhiteElo "1851"]
[BlackElo "1841"]
[PlyCount "55"]
[EventDate "2012.09.02"]
[EventType "team-tourn"]
[EventRounds "9"]
[EventCountry "GER"]
[SourceTitle "EXT 2020"]
[Source "ChessBase"]
[SourceDate "2019.10.17"]
[SourceVersion "1"]
[SourceVersionDate "2019.10.17"]
[SourceQuality "1"]
[WhiteTeam "Castrop Rauxel II"]
[BlackTeam "Annen Sport Union"]
[WhiteTeamCountry "GER"]
[BlackTeamCountry "GER"]

1. Nf3 c6 2. g3 d5 3. Bg2 Nf6 4. d3 g6 5. Nbd2 Bg7 6. e4 dxe4 7. dxe4 0-0 8. 0-0 Bg4 9. h3 Bxf3 10. Qxf3 Nbd7 11. Qe2 Qc7 12. Nc4 b5 13. e5 Nd5 14. e6 bxc4 15. exd7 Qxd7 16. c3 Rab8 17. Rd1 Rfd8 18. Be3 Qc7 19. Bc5 e6 20. Ba3 Be5 21. Qxc4 Qb6 22. Rab1 Qb5 23. Qe4 Nf6 24. Qxc6 Qe2 25. Qf3 Qc2 26. Rbc1 Qa4 27. Rxd8+ Rxd8 28. Be7 1-0

[Event "Schleswig Holstein-ch Kandidaten"]
[Site "Schleswig Holstein"]
[Date "2012.06.??"]
[Round "3"]
[White "Jeschke, Holger"]
[Black "Heinemann, Guido"]
[Result "0-1"]
[WhiteElo "1863"]
[BlackElo "1885"]
[PlyCount "74"]
[EventDate "2012.06.05"]
[EventType "swiss"]
[EventRounds "9"]
[EventCountry "GER"]
[SourceTitle "EXT 2022"]
[Source "ChessBase"]
[SourceDate "2021.10.06"]
[SourceVersion "1"]
[SourceVersionDate "2021.10.06"]
[SourceQuality "1"]

1. b4 e6 2. Bb2 Nf6 3. a3 b6 4. e3 Bb7 5. Nf3 Be7 6. Be2 d6 7. d4 0-0 8. c4 Nbd7 9. Nbd2 c5 10. 0-0 d5 11. Qb3 cxb4 12. axb4 dxc4 13. Bxc4 Nd5 14. b5 N7f6 15. Ra4 Nc7 16. Rfa1 Qb8 17. Qa2 a5 18. Ba3 Bxa3 19. Qxa3 Ne4 20. Nxe4 Bxe4 21. Ne5 Qb7 22. f3 Bc2 23. Bb3 Nxb5 24. Qb2 Bxb3 25. Qxb3 Nd6 26. Qa3 Rfd8 27. Rb1 f6 28. Nd3 Rac8 29. Qb3 Qd7 30. Raa1 Nc4 31. Rc1 Nxe3 32. Rxc8 Rxc8 33. Qxb6 Nc4 34. Qb1 Qxd4+ 35. Kh1 Nd2 36. Qa2 Nb3 37. Rd1 Qxd3 0-1

[Event "Schleswig Holstein-ch Kandidaten"]
[Site "Schleswig Holstein"]
[Date "2012.06.??"]
[Round "7"]
[White "Jeschke, Holger"]
[Black "Recklies, Volker"]
[Result "1-0"]
[WhiteElo "1863"]
[BlackElo "1726"]
[PlyCount "121"]
[EventDate "2012.06.05"]
[EventType "swiss"]
[EventRounds "9"]
[EventCountry "GER"]
[SourceTitle "EXT 2022"]
[Source "ChessBase"]
[SourceDate "2021.10.06"]
[SourceVersion "1"]
[SourceVersionDate "2021.10.06"]
[SourceQuality "1"]

1. b4 d5 2. Bb2 Nf6 3. e3 g6 4. c4 c6 5. Nf3 Bg7 6. Be2 0-0 7. 0-0 a5 8. a3 axb4 9. axb4 Rxa1 10. Bxa1 dxc4 11. Bxc4 Nd5 12. Bxg7 Kxg7 13. b5 Bd7 14. Ne5 Nb6 15. Nxd7 N8xd7 16. Be2 Qc7 17. Qc2 Rc8 18. Rc1 Qd6 19. Qb2+ Qf6 20. d4 c5 21. Nd2 cxd4 22. Rxc8 Nxc8 23. Ne4 Qe5 24. Qxd4 Qxd4 25. exd4 e5 26. Nc5 Ncb6 27. Bg4 Nf6 28. Bf3 exd4 29. Bxb7 Kf8 30. Kf1 Ke7 31. Nb3 Kd6 32. Nxd4 Kc5 33. Nf3 Kxb5 34. Ng5 Nc4 35. Nxf7 Kc5 36. Ke2 Nd6 37. Nxd6 Kxd6 38. h3 h6 39. Ke3 Ke5 40. f4+ Ke6 41. Bc8+ Kd6 42. g4 Nd5+ 43. Kf3 Ne7 44. Ba6 g5 45. Bd3 gxf4 46. Kxf4 Ke6 47. Be4 Kf6 48. h4 Nc8 49. Bf5 Ne7 50. Ke4 Nc6 51. Bd7 Nb8 52. Bb5 Ke6 53. Kf4 Kf6 54. g5+ hxg5+ 55. hxg5+ Kg7 56. Kf5 Kf7 57. g6+ Kg7 58. Kg5 Kg8 59. Kf6 Kh8 60. g7+ Kh7 61. Kf7 1-0

[Event "Schleswig Holstein-ch Kandidaten"]
[Site "Schleswig Holstein"]
[Date "2012.06.??"]
[Round "2"]
[White "Wirries, Frank Michael"]
[Black "Jeschke, Holger"]
[Result "0-1"]
[WhiteElo "1831"]
[BlackElo "1863"]
[PlyCount "68"]
[EventDate "2012.06.05"]
[EventType "swiss"]
[EventRounds "9"]
[EventCountry "GER"]
[SourceTitle "EXT 2022"]
[Source "ChessBase"]
[SourceDate "2021.10.06"]
[SourceVersion "1"]
[SourceVersionDate "2021.10.06"]
[SourceQuality "1"]

1. e4 c6 2. d4 d5 3. exd5 cxd5 4. c4 Nc6 5. c5 g6 6. Nc3 Bg7 7. Bb5 Nf6 8. Nf3 0-0 9. Bxc6 bxc6 10. Ne5 Bb7 11. 0-0 Nd7 12. f4 f6 13. Nxd7 Qxd7 14. Re1 Rae8 15. Qb3 Kh8 16. Ne2 Ba6 17. Qg3 Qf5 18. Bd2 e5 19. Bc3 Bxe2 20. Rxe2 exf4 21. Qf3 Re4 22. Rf1 Rfe8 23. Ref2 g5 24. Qd1 Qg6 25. Qa4 f5 26. Rd1 R8e7 27. Qa6 Qe8 28. Qf1 h5 29. Kh1 Kh7 30. h4 Qg6 31. hxg5 Qxg5 32. Rd3 Bf6 33. Qd1 Qg4 34. Rh3 Qxd1+ 0-1

[Event "Ruhrgebiet VK3 1112"]
[Site "Nordrheinwestfalen"]
[Date "2012.02.12"]
[Round "6"]
[White "Jeschke, Holger"]
[Black "Reinemann, Heinrich"]
[Result "1-0"]
[WhiteElo "1856"]
[BlackElo "1564"]
[PlyCount "57"]
[EventDate "2012.09.18"]
[EventType "team-tourn"]
[EventRounds "9"]
[EventCountry "GER"]
[SourceTitle "EXT 2020"]
[Source "ChessBase"]
[SourceDate "2019.10.17"]
[SourceVersion "1"]
[SourceVersionDate "2019.10.17"]
[SourceQuality "1"]
[WhiteTeam "Sport Union Annen"]
[BlackTeam "Ickern"]
[WhiteTeamCountry "GER"]
[BlackTeamCountry "GER"]

1. b4 e5 2. Bb2 e4 3. e3 d5 4. c4 c6 5. Qc2 Nf6 6. a3 Bd6 7. f4 Nh5 8. g3 0-0 9. Ne2 Be6 10. Nbc3 Nd7 11. c5 Bc7 12. 0-0-0 a5 13. h3 axb4 14. axb4 f5 15. Nd4 Qe7 16. Nxe6 Qxe6 17. Ne2 Qe7 18. g4 fxg4 19. hxg4 Nhf6 20. Bh3 b6 21. g5 Ne8 22. Nd4 bxc5 23. Be6+ Kh8 24. Rxh7+ Kxh7 25. Rh1+ Kg6 26. Qd1 Nef6 27. gxf6 Kxf6 28. Qg4 g6 29. Qg5+ 1-0